书目信息 |
| 题名: |
山美水库流域生态环境保护研究
|
|
| 作者: | 蔡金傍 著 | |
| 分册: | ||
| 出版信息: | 南京 河海大学出版社 2021.09 |
|
| 页数: | 206页 | |
| 开本: | 24cm | |
| 丛书名: | ||
| 单 册: | ||
| 中图分类: | X321.257.4 | |
| 科图分类: | ||
| 主题词: | 水库--shui ku--流域--生态环境保护--研究--南安 | |
| 电子资源: | ||
| ISBN: | 978-7-5630-7190-6 | |
| 000 | 01117nam0 2200229 450 | |
| 001 | 25220 | |
| 005 | 20220918170243.90 | |
| 010 | @a978-7-5630-7190-6@dCNY58.00 | |
| 100 | @a20211116d2021 em y0chiy50 ea | |
| 101 | 0 | @achi |
| 102 | @aCN@b320000 | |
| 105 | @aabk a 000yy | |
| 200 | 1 | @a山美水库流域生态环境保护研究@Ashan mei shui ku liu yu sheng tai huan jing bao hu yan jiu@f蔡金傍著 |
| 210 | @a南京@c河海大学出版社@d2021.09 | |
| 215 | @a206页@c图, 地图@d24cm | |
| 320 | @a有书目 (第204-206页) | |
| 330 | @a本书是山美水库良好湖泊生态环境保护专项的部分成果, 在开展流域自然、经济和社会现状调查的基础上, 分析流域主要环境问题与水库生态系统演变趋势, 解析水库流域氮污染源和其它污染源, 基于流域水动力水质模型计算水环境容量和水质目标下的污染物排放控制总量, 统筹流域社会、经济、环境发展, 提出了以流域氮污染物为重点的污染物控制总量优化分配、产业结构调整、水污染防治以及水库生态保育、环境监管等生态环境保护综合方案。 | |
| 606 | 0 | @a水库@Ashui ku@x流域@x生态环境保护@x研究@y南安 |
| 690 | @aX321.257.4@v5 | |
| 701 | 0 | @a蔡金傍@Acai jin bang@4著 |
| 801 | 0 | @aCN@c20220910 |
| 905 | @a河南城建学院图书馆@dX321.257.4@eC030@f1 | |
| 山美水库流域生态环境保护研究/蔡金傍著.-南京:河海大学出版社,2021.09 |
| 206页:图, 地图;24cm |
| ISBN 978-7-5630-7190-6:CNY58.00 |
| 本书是山美水库良好湖泊生态环境保护专项的部分成果, 在开展流域自然、经济和社会现状调查的基础上, 分析流域主要环境问题与水库生态系统演变趋势, 解析水库流域氮污染源和其它污染源, 基于流域水动力水质模型计算水环境容量和水质目标下的污染物排放控制总量, 统筹流域社会、经济、环境发展, 提出了以流域氮污染物为重点的污染物控制总量优化分配、产业结构调整、水污染防治以及水库生态保育、环境监管等生态环境保护综合方案。 |
| ● |
| 相关链接 |
|
|
|
正题名:山美水库流域生态环境保护研究
索取号:X321.257.4/C030
 
预约/预借
| 序号 | 登录号 | 条形码 | 馆藏地/架位号 | 状态 | 备注 |
| 1 | 1576051 | 215760512 | 自科库501/501自科库 66排3列4层/ [索取号:X321.257.4/C030] | 在馆 |